The museum projects / (Record no. 23709)

000 -LEADER
fixed length control field 01362cam a2200349 a 4500
001 - CONTROL NUMBER
control field 4346454
003 - CONTROL NUMBER IDENTIFIER
control field OSt
005 - DATE AND TIME OF LATEST TRANSACTION
control field 20170127091302.0
008 - FIXED-LENGTH DATA ELEMENTS--GENERAL INFORMATION
fixed length control field 890316s1989 nyua 000 0 eng
010 ## - LIBRARY OF CONGRESS CONTROL NUMBER
LC control number 89045433
020 ## - INTERNATIONAL STANDARD BOOK NUMBER
International Standard Book Number 0847811514 (hardbound)
020 ## - INTERNATIONAL STANDARD BOOK NUMBER
International Standard Book Number 0847811263 (softbound)
040 ## - CATALOGING SOURCE
Original cataloging agency DLC
Transcribing agency DLC
Modifying agency DLC
041 1# - LANGUAGE CODE
Language code of text/sound track or separate title eng
Language code of original ger
043 ## - GEOGRAPHIC AREA CODE
Geographic area code e-gw---
050 00 - LIBRARY OF CONGRESS CALL NUMBER
Classification number NA1088.K48
Item number A4 1989
082 00 - DEWEY DECIMAL CLASSIFICATION NUMBER
Classification number 727/.6/00092
Edition number 20
100 1# - MAIN ENTRY--PERSONAL NAME
Personal name Kleihues, Josef Paul.
245 14 - TITLE STATEMENT
Title The museum projects /
Statement of responsibility, etc. Josef P. Kleihues ; edited by Kim Shkapich ; [translated from the German by Thomas Rainer Fischer and Christina Rathgeber].
260 ## - PUBLICATION, DISTRIBUTION, ETC. (IMPRINT)
Place of publication, distribution, etc. New York :
Name of publisher, distributor, etc. Rizzoli,
Date of publication, distribution, etc. 1989.
300 ## - PHYSICAL DESCRIPTION
Extent 160 p. :
Other physical details ill. (some col.) ;
Dimensions 27 cm.
500 ## - GENERAL NOTE
General note Dialogue: Claus Baldus and Josef P. Kleihues.
500 ## - GENERAL NOTE
General note Portions in German and English.
600 10 - SUBJECT ADDED ENTRY--PERSONAL NAME
Personal name Kleihues, Josef Paul
General subdivision Themes, motives.
650 #0 - SUBJECT ADDED ENTRY--TOPICAL TERM
Topical term or geographic name as entry element Museum architecture
Geographic subdivision Germany (West)
General subdivision Themes, motives.
700 1# - ADDED ENTRY--PERSONAL NAME
Personal name Shkapich, Kim.
700 1# - ADDED ENTRY--PERSONAL NAME
Personal name Baldus, Claus,
Dates associated with a name 1947-
906 ## - LOCAL DATA ELEMENT F, LDF (RLIN)
a 7
b cbc
c orignew
d 2
e ocip
f 19
g y-gencatlg
942 ## - ADDED ENTRY ELEMENTS (KOHA)
Source of classification or shelving scheme
Koha item type Hard Covered Materials
Classification part NA 1088 .K48A4 1989

No items available.

© Machakos University Library, Along The Highway, Machakos Wote Rd, Machakos, Kenya P.O. Box 136 - 90100 Machakos - Kenya

Tel: ( +254 ) 723 805829 OR Fax : 044-20353 OR Email: library@mksu.ac.ke